000 00648nam a22002051a 4500
999 _c556
_d556
008 190917s2015 ii ||||g |||| 00| 0 eng d
020 _a9789382732761
_cRs. 100.00
040 _aKO
_beng
041 0 _aeng
044 _aii
082 0 4 _223
_a915.4
_bG4472
110 _aNational Council of Educational Research and Training (Delhi, India)
245 1 0 _aGist of NCERT Indian Geography /
_cNational Council of Educational Research and Training (Delhi, India)
260 _aDelhi :
_bKalinjar Publications,
_c2015
300 _a111 p. ;
_c24 cm.
650 0 _aIndia
_xHistorical geography
_vTextbooks
904 _aS_JOY
942 _cBK